| 000 | 01002nam a2200253 a 4500 | ||
|---|---|---|---|
| 001 | 000025083 | ||
| 005 | 20260211085656.0 | ||
| 008 | 110201s2001 mx a r 000 | spa d | ||
| 020 | _a9707020288 | ||
| 040 |
_aDO-SdBNP _bspa _cBNPHU |
||
| 082 |
_a371.1 _bR934c |
||
| 100 | 1 |
_aRuíz de la Peña, Adalberto Rangel _951471 |
|
| 245 | 1 | 4 |
_aLa configuración del discurso educativo en José Vasconcelos : _buna propuesta educativa y un posible modelo de formación de maestros / _cAdalberto Rangel Ruíz de la Peña. |
| 260 |
_aMéxico, D. F. : _bUniversidad Pedagógica Nacional, _bFomento Editorial, _c2001. |
||
| 300 |
_a140 p. ; _c22 cm. |
||
| 490 | 1 |
_aTextos _v26 |
|
| 504 | _aIncluye referencias bibliográficas : p. 135-140 | ||
| 650 | 4 |
_aFormación profesional de maestros _917397 |
|
| 650 | 0 |
_aPersonal docente _916852 |
|
| 650 | 0 |
_aSociología de la educación _951472 |
|
| 710 | 2 |
_aDirección de Difusión y Extensión Universitaria _951473 |
|
| 830 | 0 |
_aTextos , _v26 _914460 |
|
| 049 | _aBNGR | ||
| 999 |
_c24576 _d24576 |
||